00321nam a2200121Ia 4500008004100000040002900041050002700070100001400097245002600111260004000137942000700177999001500184230104s9999||||xx |||||||||||||| ||und|| cChuka University Library aBSL HF 5635 bJ35 2007 aJain. s.p 0aAdvanced Accountancy  aKalyani PublishresbNew Delhic2007 cBK c4779d4779